| 000 | 00779cab a2200241 4500 | ||
|---|---|---|---|
| 001 | WB2906-50 | ||
| 008 | 090401t1993 xxu||||| |||| 00| 0 eng d | ||
| 035 | _a(Sirsi) u48710 | ||
| 041 | _aeng | ||
| 245 | _aJudge bids on quality | ||
| 260 | _c1993 | ||
| 350 | _a0 | ||
| 490 |
_aNew Civil Engineer _v11 February 1993, 4(1) |
||
| 520 | _aThe Association of Consulting Engineers (ACE) is urging local authorities to judge competitive fee tenders from consultants on quality rather than price. | ||
| 650 | _aASSOCIATION OF CONSULTING ENGINEERS | ||
| 650 | _aCOMPETITIVE FEE TENDERING | ||
| 650 | _aFEE TENDERING | ||
| 650 | _aPRICE BIDDING | ||
| 650 | _aQUALITY | ||
| 690 | _aMANAGEMENT-BUSINESS MANAGEMENT-PROFESSIONAL PRACTICE | ||
| 942 | _n0 | ||
| 948 | _c04/03/1997 | ||
| 999 |
_c30593 _d30593 |
||